| 000 | 00531nam a2200181 4500 | ||
|---|---|---|---|
| 001 | 19921 | ||
| 005 | 20230410105327.0 | ||
| 008 | 060907n1979 dr spa | ||
| 035 | _9funglode20072 | ||
| 041 | _aEN | ||
| 050 | 1 | 4 | _aH 97 G653ec 1979 |
| 100 | _aGoodman, John C. | ||
| 245 | 1 |
_aEconomics of public policy : _binstructor's manual to accompany / _cJohn C. Goodman, Edwin G. Dolan |
|
| 260 |
_aSt. Paul : _bWest Publishing Company, _c1979 |
||
| 300 | _aiv, 44 p. | ||
| 700 | _aDolan, Edwin G. | ||
| 942 |
_2lcc _cbk |
||
| 999 |
_c34478 _d34478 |
||